| 000 | 01053nam a2200301 a 4500 | ||
|---|---|---|---|
| 001 | 000114169 | ||
| 003 | CHAP | ||
| 005 | 20220329144429.0 | ||
| 008 | 171109s2017 mx |s| ||||||spa d | ||
| 010 | _a110630 | ||
| 011 | _a111602 | ||
| 020 | _a9786071204653 | ||
| 040 | _cCHAP | ||
| 090 | _aCD-477 | ||
| 245 | 0 | 0 |
_aMecatrónica agrícola ingeniería emergente para México en el siglo XXI _h[Disco compacto] _cpor Gilberto de Jesús López Canteñs. |
| 260 |
_aChapingo, Méx. : _bUACH., _c2017 . |
||
| 300 |
_a1 CD ROM ; _c4 3/4 plg. . |
||
| 590 |
_aBATCH-UPD _b05 _c20171109 _lUCH01 _h1219 |
||
| 590 |
_aE5765TAJ _b05 _c20171109 _lUCH01 _h1218 |
||
| 610 | 1 | 4 |
_aUACH. Departamento de Ingeniería Mecánica Agrícola _xHistoria. _9134065 |
| 650 | 1 | 4 |
_aAgricultura _xInnovaciones tecnológicas. _91565 |
| 650 | 1 | 4 |
_aEducación superior _xPlanes de estudio. _935650 |
| 650 | 1 | 4 |
_aMecatrónica en la agricultura _xPlaneación educativa. _9134066 |
| 700 | 1 |
_aLópez Canteñs, Gilberto de Jesús _967746 |
|
| 901 | _aBK | ||
| 942 | _cCD | ||
| 942 | _n0 | ||
| 999 |
_c110630 _d110630 |
||